Multiple Choice City Quiz – Ho Chi Minh City - Statistics

General Stats
  • This quiz has been taken 10,377 times
    10,365 since last reset
  • The average score is 7 of 10
Answer Stats
Question Answer % Correct
What was the former name of Ho Chi Minh City? Saigon
94%
Ho Chi Minh City is located just northeast of which river delta? Mekong
91%
What colonial power took control of the city in 1862, transforming it from a small market town into a metropolis? France
88%
Which best describes the climate of Ho Chi Minh City? Tropical monsoon
82%
Ho Chi Minh City is ... The most populous city of Vietnam
76%
What year did the city fall to the North Vietnamese, leading to scenes of the American embassy being evacuated by helicopter? 1975
71%
What is the most common mode of transportation in the city? Motorbikes
64%
What remnants of the Vietnam War is the Củ Chi district best known for? Tunnels
62%
Which of these nicknames did the city have during its colonial days? The Pearl of the Orient
55%
In Ho Chi Minh City, you might encounter street food vendors selling balut (trứng vịt lộn). What is it? A fertilized bird egg
53%
No matching quizzes found
Score Distribution
Percent of People with Each Score
Percentile by Number Answered
Your Score History
You have not taken this quiz since the last reset